Emmy-Winning Comedies by Character Quiz Stats

 Plays Quiz Updated Apr 16, 2016

Challenge
Share
Tweet
Embed
Score 0/25 Timer 03:00
0 Plays Today
% Correct
Friends
94.3%
Seinfeld
92.8%
Sex and the City
92.1%
Frasier
90.6%
M*A*S*H
88.9%
I Love Lucy
88.6%
Get Smart
86.3%
All in the Family
85.7%
The Office
82.7%
Cheers
80.7%
Everybody Loves Raymond
80.3%
The Golden Girls
79.8%
The Monkees
78.1%
% Correct
The Wonder Years
76.2%
Modern Family
70.2%
Taxi
69.8%
Arrested Development
69.3%
Will & Grace
68.2%
The Mary Tyler Moore Show
66.8%
30 Rock
66.1%
The Dick Van Dyke Show
54.2%
Veep
49.5%
The Jack Benny Program
45.2%
Murphy Brown
42.5%
Ally McBeal
36.2%

You're not logged in!

Compare scores with friends on all Sporcle quizzes.
OR
Log In

You Might Also Like...

Show Comments

Extras

Top Quizzes Today


Score Distribution

Your Account Isn't Verified!

In order to create a playlist on Sporcle, you need to verify the email address you used during registration. Go to your Sporcle Settings to finish the process.

Report this User

Report this user for behavior that violates our Community Guidelines.

Details: